| 000 | 00704nam a2200229Ia 4500 | ||
|---|---|---|---|
| 003 | GCL | ||
| 008 | 140319s9999 xx 000 0 ara d | ||
| 040 |
_aGCL / _cGCL |
||
| 082 | 0 | 4 |
_a370.1 _bم س |
| 100 | 1 | _aمحمد امين المفتى | |
| 245 | 1 | 0 |
_aسلوك التدريس / _cمحمد امين المفتى |
| 260 |
_aالقاهرة : _bمركز الكتاب للنشر ، _c1993 |
||
| 300 |
_a10 اجزاء ؛ _c19 سم |
||
| 490 |
_aمعالم تربوية _v0 |
||
| 650 | 0 | 4 | _aطرق التدريس |
| 650 | 0 | 4 | _aالتربية |
| 650 | 0 | 4 | _aالمناهج |
| 650 | 0 | 4 | _aعلم النفس التربوى |
| 650 | 0 | 4 | _aالقراءة |
| 650 | 0 | 4 | _aالمدرسون |
| 942 |
_2ddc _cBK |
||
| 999 |
_c54439 _d54439 |
||